Meat or Tofu? Quiz Stats

Quiz Updated Dec 26, 2015

Challenge
Share
Tweet
Score 0/22 Timer 05:00
8 Plays Today
% Correct
That's a steak!
98%
Tofu it is!
97.6%
Tofu
94.7%
It's a dead animal!
94.5%
Yeah, it comes from an animal!
92.8%
Yup, that's meat!
91.4%
That's tofu all right!
90.6%
Tofu. Surprised?
88.9%
Yup, that's meat!
88.4%
Yup, that's meat!
88%
Yup, that's meat!
87%
% Correct
Tofu!
82.3%
That's haggis, not tofu!
72.5%
That's tofu all right!
71.2%
That's tofu all right!
65.6%
Yup, that's meat!
62.7%
That's tofu all right!!
61.8%
Yup, that's meat!
56.7%
Yup, that's meat!
45.8%
It's tofu!
26.4%
It's some good ol' tofu.
18.1%
It's good old tofu!
11.3%

You're not logged in!

Compare scores with friends on all Sporcle quizzes.
Sign Up with Email
OR
Log In

You Might Also Like...

Show Comments

Extras

Top Quizzes Today


Score Distribution

Your Account Isn't Verified!

In order to create a playlist on Sporcle, you need to verify the email address you used during registration. Go to your Sporcle Settings to finish the process.